| 000 | 00389nam a2200145Ia 4500 | ||
|---|---|---|---|
| 999 |
_c27997 _d27997 |
||
| 003 | OSt | ||
| 005 | 20250523173200.0 | ||
| 008 | 250310s9999||||xx |||||||||||||| ||und|| | ||
| 040 | _c. | ||
| 082 |
_a621.436 _bP8767 |
||
| 100 |
_9803 _aPounder, C. C. |
||
| 245 | 0 |
_aDiesel engine principles and practice / _cC. C. Pounder |
|
| 260 |
_aLondon : _bGeorge Newnes Limited, _c1962. |
||
| 942 |
_cBK _2ddc |
||